Least Ethnically Diverse Countries in the World - Statistics

General Stats
  • This quiz has been taken 63 times
  • The average score is 4 of 10
Answer Stats
Hint Answer % Correct
1.19% Japan
95%
0.20% North Korea
93%
3.92% South Korea
93%
4.14% Malta
18%
5.11% Kiribati
17%
4.54% Bangladesh
13%
5.82% Eswatini
12%
4.68% Portugal
12%
3.94% Tunisia
12%
4.13% Vanuatu
12%
No matching quizzes found
Score Distribution
Percent of People with Each Score
Percentile by Number Answered
Your Score History
You have not taken this quiz